000 00991nam0a22002531 4500
001 rc\4919763
005 20130426155128.9
035 _a(NLR Aleph) 008840641
090 _a8340670
_c8340670
100 _a20130426d1964 |||y0rusy50 ca
101 0 _arus
102 _aRU
105 _aa z |||||
200 1 _aМетоды определения температурных полей в элементах вулканизационных прессов
_fII-е Всесоюз. совещание по тепло- и массообмену. 5-9 мая 1964 г. Минск
210 _aМинск
_cБ. и.
_d1964
215 _a[1], 9 с.
_cчерт.
_d20
300 _aОтпеч. множит. аппаратом
300 _aОписано по 1-й с. текста. На тит. л. только надзаголовок
700 1 _aФридлендер
_bН. А.
801 0 _aRU
_bNLR
_gpsbo
801 1 _aRU
_bELAR
_2rusmarc
852 _aNLR
_j64-4/8332
942 _cBOOK
980 _aNB